F1 Winners: Oscar Piastri - Statistics

General Stats
  • This quiz has been taken 580 times
    277 since last reset
  • The average score is 8 of 9
Answer Stats
Season Team Grand Prix % Correct
2025 McLaren China
95%
2024 McLaren Hungary
95%
2025 McLaren Miami
95%
2025 McLaren Belgium
90%
2025 McLaren Bahrain
89%
2025 McLaren Saudi Arabia
89%
2024 McLaren Azerbaijan
86%
2025 McLaren Netherlands
86%
2025 McLaren Spain
86%
No matching quizzes found
Score Distribution
Percent of People with Each Score
Percentile by Number Answered
Your Score History
You have not taken this quiz since the last reset